000 00634nam a2200229Ia 4500
005 20241129110107.0
008 241129s9999||||xx |||||||||||||| ||und||
020 _a978-1-032-72576-5
037 _aTB
040 _aARTS
_beng
_cARTS
041 _aeng
_2eng
084 _aQ:49Gg R4 (RR)
_qARTS
100 _aJacobsen Knut A. Ed.
245 0 _aRoutledge handbook of South Asian religions
_cJacobsen Knut A. Ed.
260 _aUK
_bRoutledge
_c2024
300 _axxi,447p.
365 _aINR
_b2995
490 _aRoutledge handbook
650 _aReligion
942 _cTB
_hQ:49Gg R4 (RR)
999 _c1227280
_d1227280